000 00513pab a2200169 454500
008 180718b2012 xxu||||| |||| 00| 0 eng d
100 _aRamabrahmam, I.
245 _aRedesigning performance appraisal systems in superior civil service: Are we ready for competency framework?
260 _c2012
300 _ap.455-467.
362 _aJul-Sep
650 _aPerformance appraisal
650 _aCivil service
700 _aMishra, Ajay
773 _aIndian Journal of Public Administration
909 _a115487
999 _c115481
_d115481